| 000 | 00369 a2200145 4500 | ||
|---|---|---|---|
| 001 | 163525 | ||
| 020 | _a | ||
| 040 | _cMagnum | ||
| 100 | _aMurad, Jose Elias | ||
| 240 | 1 | 0 |
_aAlcoolismo: doenca ou disturbio de comportamento ? _lpor |
| 245 | 1 | 0 | _aAlcoolismo: doenca ou disturbio de comportamento ? |
| 362 | 0 | _a1899 | |
| 697 | _aCIENCIAS MEDICAS SAUDE | ||
| 942 | _cBK | ||
| 999 |
_c163525 _d163525 |
||